| 000 | 00930nam a22001817a 4500 | ||
|---|---|---|---|
| 008 | 100727t xxu||||| |||| 00| 0 eng d | ||
| 082 |
_222 _a623.37 _bه ا ر |
||
| 100 |
_916875 _aهارول, مارك أ. |
||
| 245 |
_aالشتاء النووى : _bتأثيرات الحرب النووية على الإنسانية وعلى البيئة _c /مارك أ. هارول؛ ترجمة عبد الله حيدر |
||
| 260 |
_aبيروت: _bدار الرقى؛ _cس.1986 |
||
| 300 |
_a288 سم؛ _c20سم |
||
| 500 | _aتمهيد بقلم راسل و. بيترسون | ||
| 650 |
_916888 _aالأسلحة الذرية |
||
| 650 |
_916889 _aالحرب النووية |
||
| 700 |
_916880 _aحيدر, عبد الله _cمترجم |
||
| 942 |
_2ddc _cBB |
||
| 999 |
_c14571 _d14571 |
||